007020000a220013300045001000026000002450072000263000047000985000016001455200247001617730045004089420008004539520090004619990017005511 aZapata León, Sergio10aTodo lo que una rubia tiene : Siri Hustvedt, una escritora poderosa aVol.0, núm.10 (Julio, 2006), Página 16 aPeriodista. aEs norteamericana, pero de ancestros noruegos. Su marido Paul Auster y su hija Sophie son quizás más famosos, pero ella ha hecho carrera como una novelista seria y capaz. ¿Cuál es el secreto de una mujer a la sombra de dos estrellas?0 tArcadia / Andrés Felipe Solano, Editor cANA 001040708HEMaFUSBCbFUSBCd2016-01-26l0o r2016-01-26 00:00:00w2016-01-26yANA c61796d61796